| 000 | 00579cam a2200145 4500500 | ||
|---|---|---|---|
| 005 | 20260329012959.0 | ||
| 041 | _afre | ||
| 042 | _adc | ||
| 100 | 1 | 0 |
_aBertrand, Dominique _eauthor |
| 245 | 0 | 0 | _aMaurice Giuliani, L’Accueil du temps qui vient, Bayard/Christus, 2004, 290 pages, 19,80 € - Maurice Bellet, Passer par le feu, Bayard/Christus, 2004, 288 pages, 19,80 €. |
| 260 | _c2005. | ||
| 500 | _a4 | ||
| 786 | 0 | _nÉtudes | 402 | 2 | 2005-02-01 | p. II-II | 0014-1941 | |
| 856 | 4 | 1 | _uhttps://shs.cairn.info/revue-etudes-2005-2-page-II?lang=fr&redirect-ssocas=7080 |
| 999 |
_c1876125 _d1876125 |
||